000
00226 a2200109 4500
001
63381
082
_a
004 JAM
090
_c
37432
_d
37432
100
_a
Jamsa, K
245
_a
Personal Computers
_h
English
260
_b
MIS Press
942
_a
CAE NUST
_k
004 JAM
999
_c
298454
_d
298454